00682nam a2200193 i 450000100060000000300090000600500170001500700030003200800410003510000260007624500950010225000150019726000370021230000330024970000350028285200320031799900170034995201220036657834ES-MaACL20230906163647.0t|031020s1972 sp ||||1| spa d1 aDreyfus, Paul.94562510aDel Pakistán al Bangla Desh / cPaul Dreyfus ; [traducción de, Consuelo G. de Ortega]. a[1ª ed.]. a[Barcelona] : bAymá, c[1972] a264 p., 10 lám. ; c20 cm.1 aOrtega, Consuelo G. de.987399 aES-MaACLjC-43190 bR.82201 c57834d57834 00104070aATENEOMbATENEOMcDEPO2d2008-01-17eSCl0oC-43190p1060703r2023-02-23 00:00:00w2023-02-23yMONOGRAFIA